000 00202nam a2200085Ia 4500
008 211105s9999 xx 000 0 und d
020 _a"
100 _a WHITE, James Gordon
_9125938
245 0 _aGold fury
999 _c596143
_d596142